| 000 | 00552cam a22001692 4500 | ||
|---|---|---|---|
| 001 | 0000024641 | ||
| 005 | 20151217161644.0 | ||
| 008 | 140123s xx 000 0 eng d | ||
| 040 |
_aKABU _cKABU |
||
| 100 | 1 |
_aGikenye, Mbugua John. _@0000185024 |
|
| 245 | 1 | 0 |
_aCriminal justice system in dispute : _bthe broad context of change, conflict and the search for accountability and transparency in Kenya / _cGikenye Mbugua John. |
| 260 | _c2012. | ||
| 300 | _a49 leaves. | ||
| 908 | _a140123 | ||
| 950 | _@1 | ||
| 999 |
_c15483 _d15483 |
||